KOHA-Header-6

Management Strategy and Information Technology (Record no. 6420)

000 -LEADER
fixed length control field 00299nam a2200121Ia 4500
020 ## - INTERNATIONAL STANDARD BOOK NUMBER
ISBN 1861526792
020 ## - INTERNATIONAL STANDARD BOOK NUMBER
ISBN 9781861526793
100 ## - MAIN ENTRY--AUTHOR NAME
Personal name Christopher Barnatt
245 #0 - TITLE STATEMENT
Title Management Strategy and Information Technology
260 ## - PUBLICATION, DISTRIBUTION, ETC. (IMPRINT)
Place of publication London
Name of publisher Prentice Hall Inc.
Year of publication 1996
300 ## - PHYSICAL DESCRIPTION
Number of Pages 224
942 ## - ADDED ENTRY ELEMENTS (KOHA)
Koha item type Books
Holdings
Withdrawn status Lost status Collection code Permanent Location Current Location Shelving location Date acquired Full call number Accession Number Koha item type
    Management MAJU MAJU Shelf No.A-5 2019-09-07 954.035 1834 Books

Powered by Koha